000 00833nam a2200229Ii 4500
003 JO-AjNU
008 230605s9999||||xx |||||||||||||| ||und||
017 _a2009/18743
020 _a977-379-108-7
040 _aJO-AjNU
_bara
_erda
_cJO-AjNU
041 _aara
050 1 4 _aBP94..2.I433 2010
100 3 _aغزازي، عماد,
_eauthor
_934126
245 0 0 _aدور المصارف الإسلامية في تدعيم السوق المالي
250 _aط1
264 3 1 _aالاسكندرية: دار الفكر الجامعي، 2010
300 _a224ص
_bالمراجع ص 197-207 ؛ الملاحق ص211-224
336 _atext
_btxt
_2rdacontent
337 _aunmediated
_bn
_2rdamedia
338 _avolume
_bnc
_2rdacarrier
650 4 _aالبنوك الاسلامية- جوانب اقتصادية- التمويل
_934127
999 _aA13958
_c17526
_d17526